Advanced nursing skills : (Record no. 8314)

MARC details
000 -LEADER
fixed length control field 00691nam a2200145 4500
020 ## - INTERNATIONAL STANDARD BOOK NUMBER
ISBN 9780521734516
050 ## - CALL NUMBER
Classification number RT82.8
Item number .C83
100 ## - AUTHOR
Personal name Courtenay Molly
245 ## - TITLE
Title Advanced nursing skills :
Remainder of title principles and practice
Statement of responsibility, etc Molly Courtenay
260 ## - PUBLICATION INFORMATION
Place of publication London :
Name of publisher Greenwich Medical Media
Year of publication 2000
300 ## - DESCRIPTION
Number of Pages ix, 124 pages :
Other physical details illustrations ;
Dimensions 24 cm
500 ## - NOTES
General note Includes Index
505 ## - FORMATTED CONTENTS NOTE
Table of Content Venepuncture --<br/>Peripheral intravenous cannulation --<br/>Intravenous drug administration --<br/>Reading and interpreting the electrocardiogram --<br/>Defibrillation --<br/>Nutritional assessment and enteral tube feeding --<br/>Suturing --<br/>Male catheterization --<br/>Appendix: Glossary of terms.
942 ## - ADDED ENTRY ELEMENTS (KOHA)
Koha item type Books
Holdings
Withdrawn status Lost status Collection code Home library Current library Shelving location Date acquired Full call number Accession Number Koha item type
    Reference Methodist University Library Tema Methodist University Library Tema General Stacks 18/08/2022 RT82.8 .C83 8762 Books
    Reference Methodist University Library Tema Methodist University Library Tema General Stacks 18/08/2022 RT82.8 .C83 8761 Books
Copyright © 2026  MUG Library